National Assembly Library of Thailand

การประชุมใหญ่สามัญประจำปี 2559 และประชุมวิชาการ เรื่อง ห้องสมุดดิจิทัลกับการก้าวสู่ยุค Thailand 4.0 (Digital Library Towards Thailand 4.0) วันที่ 22-24 มีนาคม 2560 ณ โรงแรมปรินซ์พาเลซ มหานาค กรุงเทพมหานคร / (ระเบียนเลขที่ 92037)

รายละเอียดในรูปแบบ MARC
000 -LEADER
fixed length control field 02049nam a22002297a 4500
003 - CONTROL NUMBER IDENTIFIER
control field NALT
005 - DATE AND TIME OF LATEST TRANSACTION
control field 20211126141510.0
008 - FIXED-LENGTH DATA ELEMENTS--GENERAL INFORMATION
fixed length control field 170501b th ||||| |||| 00| 0 tha d
020 ## - INTERNATIONAL STANDARD BOOK NUMBER
International Standard Book Number 9789747963502
040 ## - CATALOGING SOURCE
Original cataloging agency NALT
050 ## - LIBRARY OF CONGRESS CALL NUMBER
Classification number Z 678.9
Item number ก487 2560
110 2# - MAIN ENTRY--CORPORATE NAME
Corporate name or jurisdiction name as entry element สมาคมห้องสมุดแห่งประเทศไทยในพระราชูปถัมภ์สมเด็จพระเทพรัตนราชสุดาฯ สยามบรมราชกุมารี
245 10 - TITLE STATEMENT
Title การประชุมใหญ่สามัญประจำปี 2559 และประชุมวิชาการ เรื่อง ห้องสมุดดิจิทัลกับการก้าวสู่ยุค Thailand 4.0 (Digital Library Towards Thailand 4.0) วันที่ 22-24 มีนาคม 2560 ณ โรงแรมปรินซ์พาเลซ มหานาค กรุงเทพมหานคร /
Statement of responsibility, etc. สมาคมห้องสมุดแห่งประเทศไทยในพระราชูปถัมภ์สมเด็จพระเทพรัตนราชสุดาฯ สยามบรมราชกุมารี ; บรรณาธิการ สุจิตร สุวภาพ.
260 ## - PUBLICATION, DISTRIBUTION, ETC.
Place of publication, distribution, etc. กรุงเทพฯ :
Name of publisher, distributor, etc. สมาคมห้องสมุดแห่งประเทศไทยในพระราชูปถัมภ์สมเด็จพระเทพรัตนราชสุดาฯ สยามบรมราชกุมารี,
Date of publication, distribution, etc. 2560.
300 ## - PHYSICAL DESCRIPTION
Extent 151 หน้า :
Other physical details ภาพประกอบ;
Dimensions 26 ซม.
650 #4 - SUBJECT ADDED ENTRY--TOPICAL TERM
Topical term or geographic name entry element ห้องสมุด
General subdivision การพัฒนา
-- ไทยแลนด์ 4.0.
650 #4 - SUBJECT ADDED ENTRY--TOPICAL TERM
Topical term or geographic name entry element ห้องสมุดดิจิทัล.
700 0# - ADDED ENTRY--PERSONAL NAME
Personal name สุจิตร สุวภาพ
Relator term บรรณาธิการ
850 ## - HOLDING INSTITUTION
Holding institution NALT
942 ## - ADDED ENTRY ELEMENTS (KOHA)
Source of classification or shelving scheme Library of Congress Classification
Koha item type General Book
Koha issues (borrowed), all copies 3
998 ## - LOCAL CONTROL INFORMATION (RLIN)
-- DAO
-- 2118
-- วิภาวรรณ เส็งจีน
รายการที่มีในห้องสมุด
Withdrawn status Lost status Source of classification or shelving scheme Damaged status Not for loan Collection code Home library Current library Date acquired Total Checkouts Total Renewals Full call number Barcode Date last seen Date last checked out Price effective from Koha item type
    Library of Congress Classification     General Book collection National Assembly Library of Thailand National Assembly Library of Thailand 01/05/2017 3 3 Z 678.9 ก487 2560 3961205966 14/12/2021 26/11/2021 01/05/2017 General Book
หอสมุดรัฐสภา
สำนักงานเลขาธิการสภาผู้แทนราษฎร เลขที่ 1111 ถนนสามเสน แขวงถนนนครไชยศรี เขตดุสิต กรุงเทพฯ 10300
The Secretariat of the House of Representatives 1111 Samsen Road, Thanon Nakhon Chai Si, Dusit, Bangkok 10300, THAILAND
โทรศัพท์: +66(0) 2242 5900 ต่อ 5714-5 โทรสาร: +66(0) 2242 5990 อีเมล: [email protected]